| 000 | 01644nam a2200229Ii 4500 | ||
|---|---|---|---|
| 008 | 221202s xx 000 0 und d | ||
| 245 | 0 | _aRenewable Energy | |
| 246 | _aResources, Challenges and Applications | ||
| 264 | 1 |
_a[Place of publication not identified] : _b[Publisher not identified], _c2020 |
|
| 300 | _a1 online resource | ||
| 336 |
_atext _btxt _2rdacontent |
||
| 337 |
_acomputer _bc _2rdamedia |
||
| 338 |
_aonline resource _bcr _2rdacarrier |
||
| 520 | _aThe demand for secure, affordable and clean energy is a priority call to humanity. Challenges associated with conventional energy resources, such as depletion of fossil fuels, high costs and associated greenhouse gas emissions, have stimulated interests in renewable energy resources. For instance, there have been clear gaps and rushed thoughts about replacing fossil-fuel driven engines with electric vehicles without long-term plans for energy security and recycling approaches. This book aims to provide a clear vision to scientists, industrialists and policy makers on renewable energy resources, predicted challenges and emerging applications. It can be used to help produce new technologies for sustainable, connected and harvested energy. A clear response to economic growth and clean environment demands is also illustrated. | ||
| 653 | _aAlternative & Renewable | ||
| 653 | _aPower Resources | ||
| 653 | _aTechnology & Engineering | ||
| 700 | 1 | _aAl Qubeissi, Mansour | |
| 700 | 1 | _aEl-kharouf, Ahmad | |
| 856 | _uhttps://library.oapen.org/bitstream/20.500.12657/43418/1/external_content.pdfhttps://library.oapen.org/handle/20.500.12657/43418 | ||
| 942 | _cE-BOOK | ||
| 999 |
_c65185 _d65185 |
||